00523 2200169 4500001002100000005001500021035002000036007000300056008003900059082000700098084001300105100001200118245014800130260004600278650001400324990001500338INLIS00000000000988820260415091946 a0010-0426000238ta260415 | | |  a11 a11 SUG a0 aSUGIONO1 aANALISIS PEMANFAATAN DANA DESA UNTUK PEMBANGUNAN INFRASTRUKTUR JALAN DI DESA SUBUR INDAH KECAMATAN KATINGAN KUALA KABUPATEN KATINGAN /cSUGIONO aPALANGKA RAYA :bPERPUSTAKAAN UMPR,c2026 4aDANA DESA a2211026319